00671cam a22001937a 4500003000500000005001700005008004100022010001000063011001000073035001100083040000900094100003100103245016500134260003700299300001000336502009100346650001700437650002300454CHAP20220329143050.0051128d2003 mx r 00110 spa d a91428 a92400 a102964 cCHAP00aSánchez Aguas, Floricel.10aEfecto de la densidad de población y el arreglo topológico en soya forrajera, linea L10 (R4M18), en tres etapas fenológicasc/por Floricel Sánchez Aguas aCocula, Gro. :bEl autor,c2003. a46 h. aTesis (Ing. Agr. Zootecnista) - - Colegio Superior Agropecuario del Estado de Guerrero14aFenología.14aSoya como forraje.